000 00792nam a22003010a 4500
001 PT60934
003 AR-LpoUNG
005 20210131232018.0
008 191001s2002||||sp |||||||||||||||||spa d
020 _a8428213402
_c$10
040 _aAR-LpoUNG
_bspa
_cAR-LpoUNG
_eaacr
041 _aspa
044 _asp
082 0 _a808.068 3 591gra
100 1 _aO'Brien, Patrick
245 1 4 _aLos grandes barcos
250 _a1ra. ed.
260 _aBarcelona :
_bOmega,
_c2002.
300 _a39 p. :
_bil.
505 0 _aSugerido a partir de 12 años (etiqueta FUCSIA)
650 4 _aLITERATURA
650 4 _aMEDIOS DE TRANSPORTE
650 4 _aTRANSPORTE FLUVIAL Y LACUSTRE
653 _aLITERATURA INFANTIL
700 1 _aGuirao, María Rosa
_etr.
905 _a60934
942 _cLIB
999 _c13226
_d13226